ARRUPE JESUIT UNIVERSITY

CORONAVIRUS -STOP THE SPREAD - CLEAN,DISINFECT,COVER

The essential Marcuse : (Record no. 126043)

MARC details
000 -LEADER
fixed length control field 01565cam a22003254a 4500
001 - CONTROL NUMBER
control field 14721700
003 - CONTROL NUMBER IDENTIFIER
control field ARRUPE
005 - DATE AND TIME OF LATEST TRANSACTION
control field 20170207155248.0
008 - FIXED-LENGTH DATA ELEMENTS--GENERAL INFORMATION
fixed length control field 070202s2007 mau b 000 0 eng
010 ## - LIBRARY OF CONGRESS CONTROL NUMBER
LC control number 2007922268
020 ## - INTERNATIONAL STANDARD BOOK NUMBER
International Standard Book Number 9780807014332 (pbk. : alk. paper)
040 ## - CATALOGING SOURCE
Original cataloging agency DLC
Transcribing agency DLC
050 00 - LIBRARY OF CONGRESS CALL NUMBER
Classification number B945
Item number .M2981 E7 2007
300 ## - PHYSICAL DESCRIPTION
Dimensions 22 cm.
100 1# - MAIN ENTRY--PERSONAL NAME
Personal name Marcuse, Herbert,
Dates associated with a name 1898-1979.
9 (RLIN) 28578
240 10 - UNIFORM TITLE
Uniform title <a href="Works.">Works.</a>
Form subheading Selections.
Date of a work 2007
245 14 - TITLE STATEMENT
Title The essential Marcuse :
Remainder of title selected writings of philosopher and social critic Herbert Marcuse /
Statement of responsibility, etc editied by Andrew Feenberg and William Leiss.
260 ## - PUBLICATION, DISTRIBUTION, ETC. (IMPRINT)
Place of publication, distribution, etc Boston :
Name of publisher, distributor, etc Beacon Press,
Date of publication, distribution, etc c2007.
300 ## - PHYSICAL DESCRIPTION
Extent xliii, 249 p. ;
504 ## - BIBLIOGRAPHY, ETC. NOTE
Bibliography, etc Includes bibliographical references.
505 0# - FORMATTED CONTENTS NOTE
Formatted contents note The critical theory of Herbert Marcuse -- The individual in the Great Society -- Remarks on a redefinition of culture -- Repressive tolerance -- A note on the dialectic -- The foundations of historical materialism -- Heidegger's politics : an interview with Herbert Marcuse -- Sartre's existentialism -- Freedom and Freud's theory of instincts -- Philosophical interlude -- The affirmative character of culture -- Nature and revolution.
650 #0 - SUBJECT ADDED ENTRY--TOPICAL TERM
Topical term or geographic name as entry element Philosophy.
9 (RLIN) 28579
650 #0 - SUBJECT ADDED ENTRY--TOPICAL TERM
Topical term or geographic name as entry element Critical theory.
9 (RLIN) 5606
650 #0 - SUBJECT ADDED ENTRY--TOPICAL TERM
Topical term or geographic name as entry element Sociology
General subdivision Philosophy.
9 (RLIN) 13582
650 #0 - SUBJECT ADDED ENTRY--TOPICAL TERM
Topical term or geographic name as entry element Political science
General subdivision Philosophy.
9 (RLIN) 28580
700 1# - ADDED ENTRY--PERSONAL NAME
Personal name Feenberg, Andrew.
9 (RLIN) 28581
700 1# - ADDED ENTRY--PERSONAL NAME
Personal name Leiss, William,
Dates associated with a name 1939-
9 (RLIN) 28582
906 ## - LOCAL DATA ELEMENT F, LDF (RLIN)
a 7
b cbc
c orignew
d 2
e epcn
f 20
g y-gencatlg
942 ## - ADDED ENTRY ELEMENTS (KOHA)
Source of classification or shelving scheme Library of Congress Classification
Koha item type Monograph ( Printed materials)
Holdings
Withdrawn status Lost status Source of classification or shelving scheme Damaged status Not for loan Collection code Home library Current library Shelving location Date acquired Total Checkouts Full call number Barcode Date last seen Date checked out Price effective from Koha item type
    Library of Congress Classification     Main Collection ARRUPE LIBRARY ARRUPE LIBRARY Main Collection 07/02/2017 1 B945 .M2981 E7 2007 46500023973 27/03/2017 13/03/2017 07/02/2017 Monograph ( Printed materials)

 

Arrupe Library. PO Box MP320 Mt Pleasant, Harare, Zimbabwe
263 242 745411|librarian@aju.ac.zw